| 000 | 01659cam a22003731i 4500 | ||
|---|---|---|---|
| 003 | SA-RiAUC | ||
| 005 | 20251229075723.0 | ||
| 008 | 251120s1976 ua a g b f00100 ara c | ||
| 020 | _z977201159 | ||
| 040 |
_aSA-RiAUC _bara _cSA-RiAUC _erda |
||
| 082 | 0 | 4 |
_a257.2 _qSA-RiAUC |
| 090 |
_a257.2 _b ا ب ن ا |
||
| 100 | 1 |
_aابن الإخوة، محمد بن محمد بن أحمد، _d648-729 هجري _eمؤلف. |
|
| 245 | 1 | 0 |
_aكتاب معالم القربة في أحكام الحسبة / _cمحمد بن محمد بن أحمد القرشي بن الأخوة ؛ تحقيق محمد محمود شعبان، صديق أحمد عيسى المطبعي. |
| 246 | 3 | 0 | _aمعالم القربة في أحكام الحسبة |
| 264 | 1 |
_aالقاهرة : _bالهيئة المصرية العامة للكتاب، _c1976 |
|
| 300 |
_a413 صفحة : _bإيضاحيات ؛ _c24 سم |
||
| 336 |
_aنص _btxt _2rdacontent _3كتاب |
||
| 337 |
_aبدون وسيط _bn _2rdamedia |
||
| 338 |
_aمجلد _bnc _2rdacarrier |
||
| 500 | _aيشتمل على كشاف. | ||
| 504 | _aيشتمل على إرجاعات ببليوجرافية. | ||
| 504 | _aببليوجرافية : صفحة 352-358. | ||
| 590 | _aCatalogued by : Sara. | ||
| 650 | 7 |
_aالحسبة _2aucsh |
|
| 650 | 7 |
_aالأحكام الشرعية _2aucsh |
|
| 650 | 7 |
_aالحسبة _2aucsh |
|
| 650 | 7 |
_aالنظام المالي في الإسلام _2aucsh |
|
| 700 | 1 |
_aشعبان، محمد محمود _eمحقق. |
|
| 700 | 1 |
_aالمطيعي، صديق أحمد عيسى _eمحقق. |
|
| 942 |
_2ddc _cBOOK _n0 |
||
| 949 |
_aSA-JeALM _d251120 _umohamedma123 _n1 |
||
| 999 |
_c13747 _d13747 |
||